| 000 | 00806nam a22001937a 4500 | ||
|---|---|---|---|
| 001 | BD-DhSAU 6901 | ||
| 003 | BD-DhSAU | ||
| 005 | 20150514121314.0 | ||
| 008 | 150514b1982 bg ||||| |||| 00| 0 ben d | ||
| 040 | _aBD-DhSAU | ||
| 082 |
_222 _a৬৩৩.১৮০২০২ _bধানপ্রা |
||
| 245 | _aধান প্রশিক্ষণ ম্যানুয়েল / | ||
| 260 |
_aঢাকা : _bকৃষি সম্প্রসারন ও ব্যবস্থাপনা পরিদফতর , _c১৯৮২. |
||
| 300 |
_avi, ১১৬ পৃ। : _bচিত্র ; _c১৮ সে মি। |
||
| 590 | _aJerin | ||
| 650 | _aAgronomy | ||
| 650 | _aধান | ||
| 710 | _aকৃষি সম্প্রসারন ও ব্যবস্থাপনা পরিদফতর | ||
| 942 |
_2ddc _cBOOK |
||
| 999 |
_c6901 _d6901 |
||